Top 10 Countries with the highest elevation by continent - Statistics

General Stats
  • This quiz has been taken 30 times
  • The average score is 48 of 60
Answer Stats
Asia % Correct
2995m Brazil
100%
5959m Canada
100%
8849m China
100%
4806m France
100%
2241m France
100%
6190m United States
100%
4207m United States
100%
6961m Argentina
96%
3798m Austria
96%
6542m Bolivia
96%
6893m Chile
96%
5720m Colombia
96%
2962m Germany
96%
8586m India
96%
5636m Mexico
96%
5642m Russia
96%
4634m Switzerland
96%
4978m Venezuela
96%
7571m Bhutan
92%
3101m Dominican Republic
92%
4203m Guatemala
92%
2870m Honduras
92%
4806m Italy
92%
8849m Nepal
92%
8611m Pakistan
92%
6768m Peru
92%
7492m Afghanistan
88%
3821m Costa Rica
88%
6263m Ecuador
88%
2730m El Salvador
88%
3475m Panama
88%
1280m Suriname
88%
2772m Guyana
84%
7010m Kazakhstan
84%
7439m Kyrgyzstan
84%
3724m New Zealand
84%
3715m Spain
84%
3479m Spain
84%
7495m Tajikistan
84%
2228m Australia
80%
5109m Democratic Republic of the Congo
80%
5199m Kenya
80%
4509m Papua New Guinea
76%
4550m Ethiopia
72%
1324m Fiji
72%
5895m Tanzania
72%
2943m Andorra
60%
2335m Solomon Islands
60%
4884m Indonesia
56%
5881m Myanmar
56%
5109m Uganda
56%
4507m Rwanda
52%
1879m Vanuatu
52%
3694m Denmark
48%
5203m Georgia
48%
1858m Samoa
44%
4167m Morocco
40%
4466m Azerbaijan
36%
3482m Lesotho
36%
4040m Cameroon
24%
No matching quizzes found
Score Distribution
Percent of People with Each Score
Percentile by Number Answered
Your Score History
You have not taken this quiz